Statistics for Every UFC Title Fight of 2020

Click here to take the quiz!

General Stats

  • This quiz has been taken 153 times
  • The average score is 29 of 38

Answer Stats

EventDivisionAnswer% Correct
UFC 248MiddleweightIsrael Adesanya
94%
UFC 253MiddleweightIsrael Adesanya
94%
UFC 247Light HeavyweightJon Jones
93%
UFC 252HeavyweightDaniel Cormier
90%
UFC 250Women's BantamweightAmanda Nunes
89%
UFC 253Light HeavyweightDominik Reyes
89%
UFC 247Light HeavyweightDominik Reyes
89%
UFC 251WelterweightKamaru Usman
89%
UFC 254LightweightKhabib Nurmagomedov
89%
UFC 252HeavyweightStipe Miocic
89%
UFC 251FeatherweightAlexander Volkanovski
88%
UFC 254LightweightJustin Gaethje
87%
UFC 249LightweightJustin Gaethje
87%
UFC 251FeatherweightMax Holloway
87%
UFC 251BantamweightPetr Yan
86%
UFC 251WelterweightJorge Masvidal
85%
UFC 249LightweightTony Ferguson
83%
UFC 256FlyweightBrandon Moreno
81%
UFC 253MiddleweightPaulo Costa
81%
UFC 249BantamweightHenry Cejudo
79%
UFC 253Light HeavyweightJan Blachowicz
79%
UFC 248MiddleweightYoel Romero
78%
UFC 249BantamweightDominik Cruz
77%
UFC Fight Night 169FlyweightDeiveson Figueiredo
76%
UFC Fight Night 172FlyweightDeiveson Figueiredo
76%
UFC 255FlyweightDeiveson Figueiredo
76%
UFC 256FlyweightDeiveson Figueiredo
76%
UFC 247Women's FlyweightValentina Shevchenko
75%
UFC 255Women's FlyweightValentina Shevchenko
75%
UFC 251BantamweightJose Aldo
72%
UFC 248Women's StrawweightZhang Weili
66%
UFC Fight Night 172FlyweightJoseph Benavidez
61%
UFC Fight Night 169FlyweightJoseph Benavidez
61%
UFC 248Women's StrawweightJoanna Jedrzejczyk
49%
UFC 255FlyweightAlex Perez
46%
UFC 250Women's BantamweightFelicia Spencer
39%
UFC 247Women's FlyweightKatlyn Chookagian
32%
UFC 255Women's FlyweightJennifer Maia
30%

Score Distribution

Percentile by Number Answered

Percent of People with Each Score

Your Score History

You have not taken this quiz